| 000 | 00791nam a2200253Ia 4500 | ||
|---|---|---|---|
| 003 | OSt | ||
| 005 | 20260427155518.0 | ||
| 008 | 220923b |||||||| |||| 00| 0 eng d | ||
| 020 | _a9788126534074 | ||
| 037 | _cGeneral Book | ||
| 040 |
_aRTL _cRTL _beng |
||
| 041 |
_2eng _aeng |
||
| 100 |
_aCzinkota, Michael R. _9254621 |
||
| 245 | 0 | _aInternational business | |
| 250 | _a8th | ||
| 260 |
_a New Delhi _bWiley India _c2011 |
||
| 300 |
_axxii, 746p. _binculed biblograpical refrence an index |
||
| 500 | _aBibliography: Chapterwise | ||
| 650 | _aCommerce | ||
| 700 |
_a Mofftt, Michael H _9244438 |
||
| 700 |
_a Ronkainen, IIkka A. _9300468 |
||
| 942 |
_hXM8, P2;Q1/TD _cTB _2CC |
||
| 999 |
_c617381 _d617381 |
||